| 000 | 00762cab a22002055a 4500 | ||
|---|---|---|---|
| 001 | L150634 | ||
| 008 | 100805s20100506xxkd f 000 0 eng d | ||
| 035 | _a(Sirsi) u150634 | ||
| 041 | 0 | _aeng | |
| 100 | 1 | _aPetros, Eleni | |
| 245 | 0 | 0 | _aLonger arm of the law |
| 260 | _c2010 | ||
| 490 | 0 |
_aNew Civil Engineer _v6 May 2010, 30-31(2) |
|
| 520 | _aDiscusses the Bribery Act 2010 and how it affects organisations operating in the UK and overseas. Looks at the issue of facilitation payments and emphasises the need for firms to take legal advice if they work in markets where this is commonplace. | ||
| 590 | _aKA | ||
| 650 | 2 | 4 | _aBRIBERY ACT 2010 |
| 651 | 4 |
_aUnited Kingdom _y |
|
| 690 | _aMANAGEMENT-BUSINESS MANAGEMENT-PROFESSIONAL PRACTICE | ||
| 942 | _n0 | ||
| 999 |
_c82584 _d82584 |
||